000 00550nam a2200181 i 4500
001 84201
003 ES-MaACL
005 20240207215657.0
007 t|
008 041122s1970 sp ||||1| spa d
100 1 _aJean-Nesmy, Claude.
_966237
245 1 3 _aLa alegria de la penitencia /
_cClaude Jean-Nesmy ; [versión por Santos Juliá Díaz].
260 _aMadrid :
_bRialp,
_c[1970]
300 _a222 p. ;
_c19 cm.
700 1 _aJuliá, Santos,
_d1940-2019
_967236
852 _aES-MaACL
_jC-50877
_bR.72619
999 _c84201
_d84201